000 00756nam a2200289Ia 4500
005 20260324125558.0
008 008 260324s9999 xx 000 0 eng d
020 _a9781315435657
037 _aEBOOK
040 _aCRL
040 _beng
040 _cCRL
041 _2eng
041 _aeng
084 _qCRL
100 _aPenny van Oosterzee; Mike Morwood
_91178506
245 2 _aA New Human
245 4 _bThe Startling Discovery and Strange Story of the "Hobbits" of Flores, Indonesia, Updated Paperback Edition
260 _bTaylor and Francis
260 _c2009
365 _a
365 _b300
856 _uhttp://www.taylorfrancis.com/books/9781315435657
942 _cEBOOK
999 _c1773917
_d1773917